000 00273nam a2200109Ia 4500
008 220204s9999 xx 000 0 und d
082 _a502.7(031)
_bWEL
100 _aWellesley, Robert
245 0 _aFirst nature encyclopedia
260 _aLondon
_bOctopus
_c1976
942 _cBK
999 _c24968
_d24968